LEADER 00805nam0-22002891i-450- 001 990007509990403321 005 20100120140127.0 035 $a000750999 035 $aFED01000750999 035 $a(Aleph)000750999FED01 035 $a000750999 100 $a20030814d1951----km-y0itay50------ba 101 0 $aita 102 $aIT 200 1 $aMilano$fA. Calderini, R. Paribeni 210 $aRoma$cLibr. dello Stato$d1951 215 $a319, 35 p.$cill.$d22 cm$e1 c. geogr. ripieg. 610 0 $aMilano$aGuide 700 1$aCalderini,$bAristide$f<1883-1968>$0162594 702 1$aParibeni,$bRoberto$f<1876-1956> 801 0$aIT$bUNINA$gRICA$2UNIMARC 901 $aBK 912 $a990007509990403321 952 $aD-02C-001$bIst.4710$fILFGE 959 $aILFGE 996 $aMilano$9683461 997 $aUNINA LEADER 01139nam--2200385---450- 001 990005911630203316 005 20131126120501.0 010 $a978-88-04-63323-5 035 $a000591163 035 $aUSA01000591163 035 $a(ALEPH)000591163USA01 035 $a000591163 100 $a20131126d2013----km-y0itay50------ba 101 0 $aita 102 $aIT 105 $a||||||||001yy 200 1 $a<> tuo bambino$etutte le risposte$edalla nascita ai tre anni$fTracy Hogg con Melinda Blau$gtraduzione di Chiara Libero 210 $aMilano$cOscar Mondadori$d2013 215 $a450 p.$d20 cm 225 2 $aOscar saggi$v927 410 0$12001$aOscar saggi$v927 606 0 $aPuericultura$2BNCF 676 $a649.1 700 1$aHOGG,$bTracy$0613000 701 1$aBLAU,$bMelinda$0613001 702 1$aLIBERO,$bChiara 801 0$aIT$bsalbc$gISBD 912 $a990005911630203316 951 $aII.3. 3852$b243206 L.M.$cII.3.$d00344980 959 $aBK 969 $aUMA 979 $aPASSARO$b90$c20131126$lUSA01$h1201 979 $aPASSARO$b90$c20131126$lUSA01$h1205 996 $aTuo bambino$91073177 997 $aUNISA LEADER 01896nam 2200457 a 450 001 9910701389103321 005 20120322090320.0 035 $a(CKB)5470000002417173 035 $a(OCoLC)781277114 035 $a(EXLCZ)995470000002417173 100 $a20120322d2011 ua 0 101 0 $aeng 135 $aurmn||||||||| 181 $ctxt$2rdacontent 182 $cc$2rdamedia 183 $acr$2rdacarrier 200 00$aResearch investments and market structure in the food processing, agricultural input, and biofuel industries worldwide$b[electronic resource] $eexecutive summary /$fKeith O. Fuglie ... [and others] 210 1$a[Washington, D.C.] :$cU.S. Dept. of Agriculture, Economic Research Service,$d[2011] 215 $a1 online resource (v, 26 pages) $ccolor illustrations 225 1 $aEconomic information bulletin ;$vno. 90 300 $aTitle from PDF title screen (viewed Feb. 13, 2011). 300 $a"December 2011." 300 $a"A report form the Economic Research Service." 320 $aIncludes bibliographical references (pages 22-26). 517 $aResearch investments and market structure in the food processing, agricultural input, and biofuel industries worldwide 606 $aMarketing$zUnited States 606 $aFood industry and trade 606 $aAgriculture and state 606 $aBiomass energy$xResearch 615 0$aMarketing 615 0$aFood industry and trade. 615 0$aAgriculture and state. 615 0$aBiomass energy$xResearch. 701 $aFuglie$b Keith Owen$0880047 712 02$aUnited States.$bDepartment of Agriculture.$bEconomic Research Service. 801 0$bGPO 801 1$bGPO 906 $aBOOK 912 $a9910701389103321 996 $aResearch investments and market structure in the food processing, agricultural input, and biofuel industries worldwide$93457224 997 $aUNINA